000
00218nam a22000857a 4500
008
170116b xxu||||| |||| 00| 0 eng d
100
_9
2424
_a
NCERT
245
_a
Social Science Democratic-IX
260
_a
New Delhi
_b
NECRT
_c
2006
999
_c
5464
_d
5464